MARC details
| 000 -CABECERA |
| campo de control de longitud fija |
00997nam a2200265 a 4500 |
| 001 - NÚMERO DE CONTROL |
| campo de control |
000041151 |
| 005 - FECHA Y HORA DE LA ÚLTIMA TRANSACCIÓN |
| campo de control |
20201002034648.0 |
| 008 - DATOS DE LONGITUD FIJA--INFORMACIÓN GENERAL |
| campo de control de longitud fija |
130920s2005 sp a 000 0 spa d |
| 040 ## - FUENTE DE LA CATALOGACIÓN |
| Centro catalogador/agencia de origen |
DO-SdBNP |
| Lengua de catalogación |
spa |
| Centro/agencia transcriptor |
BNPHU |
| 082 ## - NÚMERO DE LA CLASIFICACIÓN DECIMAL DEWEY |
| Número de clasificación |
xxx |
| Número de documento/Ítem |
xxxx |
| 245 00 - MENCIÓN DE TÍTULO |
| Título |
Anticoncepción y salud reproductiva en España : |
| Resto del título |
crónica de una (r)evolución / |
| Mención de responsabilidad, etc. |
Magda Teresa Ruiz Salguero [et.al.]. |
| 260 ## - PUBLICACIÓN, DISTRIBUCIÓN, ETC. |
| Lugar de publicación, distribución, etc. |
Madrid, España : |
| Nombre del editor, distribuidor, etc. |
CSIC, |
| Fecha de publicación, distribución, etc. |
2005. |
| 300 ## - DESCRIPCIÓN FÍSICA |
| Extensión |
294 p. : |
| Otras características físicas |
il. ; |
| Dimensiones |
28 cm. |
| 490 1# - MENCIÓN DE SERIE |
| Mención de serie |
Estudios ambientales y socioeconómicos |
| 500 ## - NOTA GENERAL |
| Nota general |
Incluye índice de gráficos |
| 500 ## - NOTA GENERAL |
| Nota general |
Incluye índice de cuadros |
| 500 ## - NOTA GENERAL |
| Nota general |
Incluye siglas y abreviaturas |
| 504 ## - NOTA DE BIBLIOGRAFÍA, ETC. |
| Nota de bibliografía, etc. |
Bibliografía p: 286 - 295 |
| 700 1# - PUNTO DE ACCESO ADICIONAL--NOMBRE DE PERSONA |
| Nombre de persona |
Ruiz Salguero, Magda Teresa |
| 9 (RLIN) |
67694 |
| 700 1# - PUNTO DE ACCESO ADICIONAL--NOMBRE DE PERSONA |
| Nombre de persona |
Cabré Pla, Anna |
| 9 (RLIN) |
14349 |
| 700 1# - PUNTO DE ACCESO ADICIONAL--NOMBRE DE PERSONA |
| Nombre de persona |
Castro Martín, Teresa |
| 9 (RLIN) |
67695 |
| 700 1# - PUNTO DE ACCESO ADICIONAL--NOMBRE DE PERSONA |
| Nombre de persona |
Solsona Pairó, Montse |
| 9 (RLIN) |
67696 |
| 710 2# - PUNTO DE ACCESO ADICIONAL--NOMBRE DE ENTIDAD CORPORATIVA |
| Nombre de entidad corporativa o nombre de jurisdicción como elemento de entrada |
Consejo Superior de Investigación Científicas |
| 9 (RLIN) |
63831 |
| 830 #0 - PUNTO DE ACCESO ADICIONAL DE SERIE-TÍTULO UNIFORME |
| Título uniforme |
Estudios ambientales y socioeconómicos |
| 9 (RLIN) |
67697 |